000 00324nam a2200121 a 4500
005 20141022141959.0
008 120306s19uu xx 00 eng d
050 _aCD
_bW44 2000
100 _aWells, Nicholas
245 _aGuide to linux installation and administration /
_cNicholas Wells.
260 _c2000.
942 _cAVM
999 _c276120
_d276120